|
|
|
|
| LEADER |
00000nam a2200000 a 4500 |
| 001 |
vtls008427645 |
| 003 |
SK-MaSNL |
| 005 |
20260327111412.0 |
| 008 |
240318s2005 xo l g 000 0 slo |
| 015 |
|
|
|a SNBA2007/03-01108
|
| 020 |
|
|
|a 8080584109
|q (brož.)
|
| 035 |
|
|
|a 3BC6A1A4-48B8-4CF6-B575-AB243528CE3E
|
| 035 |
|
|
|a urn:nbn:sk:snk-amksue
|
| 035 |
|
|
|a urn:nbn:sk:snk-am005768
|
| 040 |
|
|
|a SNK
|b slo
|c SNK
|e AACR2
|
| 041 |
0 |
|
|a slo
|
| 044 |
|
|
|a xo
|c SK
|
| 072 |
|
7 |
|a 63
|x Poľnohospodárstvo a príbuzné oblasti vedy a techniky
|2 konspekt
|
| 080 |
|
|
|a 330.11
|2 2001
|
| 080 |
|
|
|a 339.923+327
|2 2001
|
| 080 |
|
|
|a (048.8)
|2 2001
|
| 080 |
|
|
|a 63
|2 2001
|
| 100 |
1 |
|
|a Brodová, Martina
|4 aut
|9 1635697
|
| 245 |
1 |
0 |
|a Ohodnocovanie pozitívnych externalít multifunkčného poľnohospodárstva SR : [Rozvoj vidieka a zmeny ... do EÚ]
|c Martina Brodová
|
| 250 |
|
|
|a 1. vyd.
|
| 260 |
|
|
|a Bratislava
|b Výskumný ústav ekonomiky poľnohospodárstva a potravinárstva
|c 2005
|
| 300 |
|
|
|a 60 s.
|b grafy, tab.
|c 29 cm
|
| 504 |
|
|
|a Bibliogr. s. 58-60
|
| 650 |
0 |
7 |
|a externality
|2 SNKPH
|9 20467
|
| 650 |
0 |
7 |
|a európska integrácia
|2 SNKPH
|9 2140
|
| 650 |
0 |
7 |
|a poľnohospodárstvo
|2 SNKPH
|9 679
|
| 655 |
|
7 |
|a štúdie
|2 SNKPH
|9 57033
|
| 919 |
|
|
|a 80-8058-410-9
|
| 958 |
|
|
|a NB
|
| 968 |
|
|
|d 63
|
| 999 |
|
|
|c 678917
|d 680847
|
| 952 |
|
|
|a SNK
|b SNK
|y PREZ
|7 0
|p 17A0496377
|o snkSB 71661
|i snk2006/2090
|8 0
|0 0
|1 0
|4 0
|d 2006-02-02
|l 0
|r 2025-04-23 00:00:00
|w 2026-02-23
|
| 952 |
|
|
|a SNK
|b SNK
|y VYP
|7 0
|p 17A0496376
|o snkSB 71661 D1
|i snk2006/2091
|8 0
|0 0
|1 0
|4 0
|d 2006-02-02
|f 1
|l 0
|r 2016-06-30 00:00:00
|w 2026-02-23
|